|
|
|
|
| LEADER |
00000nam a2200000Ia 4500 |
| 008 |
180911b1999 cr ||||| |||| 00| | spa d |
| 999 |
|
|
|c 2350
|d 2350
|
| 090 |
|
|
|a 19.02.06
|b 1929
|
| 110 |
|
|
|9 1240
|a Oficina Internacional del Trabajo
|
| 245 |
1 |
0 |
|a Revista internacional del trabajo /
|c Oficina Internacional del Trabajo
|
| 260 |
|
|
|a Ginebra :
|b Oficina Internacional del Trabajo,
|c 1999
|
| 300 |
|
|
|a La Unidad posee Número especial: mujeres, género y trabajo (Par.I y II)
|
| 650 |
1 |
4 |
|a PUBLICACIONES PERIÓDICAS
|9 3
|
| 650 |
1 |
4 |
|a GÉNERO
|9 69
|
| 650 |
1 |
4 |
|a MUJERES
|9 55
|
| 650 |
1 |
4 |
|a TRABAJO
|9 886
|
| 942 |
|
|
|i 002621 ,002622
|h 19.02.06 1929
|2 z
|c 01
|
| 942 |
|
|
|i 002621 ,002622
|h 19.02.06 1929
|2 z
|